CLIMATE CHANGE AND AGRICULTURE (Record no. 297283)
[ view plain ]
| 000 -LEADER | |
|---|---|
| fixed length control field | 005040000a22001690004500 |
| 082 ## - DEWEY DECIMAL CLASSIFICATION NUMBER | |
| Classification number | 632.1 BHA/CL |
| 100 ## - MAIN ENTRY--PERSONAL NAME | |
| Personal name | BHATTACHARYA, T |
| Date of a work | Author |
| 100 ## - MAIN ENTRY--PERSONAL NAME | |
| Personal name | PAL, D K |
| Date of a work | Author |
| 245 ## - TITLE STATEMENT | |
| Title | CLIMATE CHANGE AND AGRICULTURE |
| 260 ## - PUBLICATION, DISTRIBUTION, ETC. (IMPRINT) | |
| Place of publication, distribution, etc. | NEW DELHI, STUDIUM PRESS |
| 260 ## - PUBLICATION, DISTRIBUTION, ETC. (IMPRINT) | |
| Date of publication, distribution, etc. | 2013 |
| 300 ## - PHYSICAL DESCRIPTION | |
| Extent | pages 328 |
| 650 ## - SUBJECT ADDED ENTRY--TOPICAL TERM | |
| Topical term or geographic name as entry element | IMPACT OF CLIMATE CHANGE |
| 650 ## - SUBJECT ADDED ENTRY--TOPICAL TERM | |
| Topical term or geographic name as entry element | NATURAL RESOURCES IN RAINFED ECOSYSTEM AND THEIR MANAGEMENT |
| 650 ## - SUBJECT ADDED ENTRY--TOPICAL TERM | |
| Topical term or geographic name as entry element | TOOLS TO IDENTIFY CLIMATE CHANGE IN SOILS AND ENVIRONMENT |
| 942 ## - ADDED ENTRY ELEMENTS (KOHA) | |
| Koha item type | Books (General) |
| Withdrawn status | Lost status | Damaged status | Not for loan | Home library | Current library | Date acquired | Total Checkouts | Full call number | Barcode | Date last seen | Price effective from | Koha item type |
|---|---|---|---|---|---|---|---|---|---|---|---|---|
| College of Agriculture, Padannakkad | College of Agriculture, Padannakkad | 24/07/2013 | 632.1 BHA/CL | KAU_COAP-08872 | 24/07/2013 | 24/07/2013 | Books (General) |
